उत्तर तैमूरकालीन भारत : (Record no. 53187)
[ view plain ]
| 000 -LEADER | |
|---|---|
| fixed length control field | 00805nam a2200193Ia 4500 |
| 005 - DATE AND TIME OF LATEST TRANSACTION | |
| control field | 20260429112248.0 |
| 008 - FIXED-LENGTH DATA ELEMENTS--GENERAL INFORMATION | |
| fixed length control field | 260429s9999||||xx |||||||||||||| ||und|| |
| 020 ## - INTERNATIONAL STANDARD BOOK NUMBER | |
| International Standard Book Number | 9788126718405 |
| 041 ## - LANGUAGE CODE | |
| Language | Hindi |
| 082 ## - DEWEY DECIMAL CLASSIFICATION NUMBER | |
| Classification number | 954.024 |
| Item number | RIZ |
| 100 ## - MAIN ENTRY--PERSONAL NAME | |
| Personal name | रिज़वी, सैयद अहतर अब्बास |
| 245 #0 - TITLE STATEMENT | |
| Title | उत्तर तैमूरकालीन भारत : |
| Remainder of title | तैमूर के बाद के देहली के सुल्तान / |
| Statement of responsibility, etc | सैयद अहतर अब्बास रिज़वी |
| 250 ## - EDITION STATEMENT | |
| Edition statement | 3rd ed. |
| 260 ## - PUBLICATION, DISTRIBUTION, ETC. (IMPRINT) | |
| Place of publication, distribution, etc | नई दिल्ली : |
| Name of publisher, distributor, etc | राजकमल प्रकाशन, |
| Date of publication, distribution, etc | 2020. |
| 300 ## - PHYSICAL DESCRIPTION | |
| Extent | 430 p.; Hb |
| 440 ## - SERIES STATEMENT/ADDED ENTRY--TITLE | |
| Volume number/sequential designation | भाग-1 |
| 650 ## - SUBJECT ADDED ENTRY--TOPICAL TERM | |
| Topical term or geographic name as entry element | इतिहास तैमूरकालीन भारत |
| 942 ## - ADDED ENTRY ELEMENTS (KOHA) | |
| Koha item type | Text Books |
| Withdrawn status | Lost status | Damaged status | Not for loan | Collection code | Home library | Location | Shelving location | Date of Cataloging | Source of acquisition | Total Checkouts | Full call number | Barcode | Date last seen | Price effective from | Koha item type |
|---|---|---|---|---|---|---|---|---|---|---|---|---|---|---|---|
| Non-fiction | CUTN Central Library | CUTN Central Library | History & Geography | 29/04/2026 | Segment Book Distributors, New Delhi - Invoice No. 71458 on 09-02-2026 | 954. 024 RIZ | 58511 | 29/04/2026 | 29/04/2026 | Text Books |
